000 00982nam a2200229Ia 4500
005 20260430150804.0
008 008 250103s9999 xx 000 0 hin d
037 _aTheses
040 _aCRL
040 _bhin
040 _chin
041 _2hin
041 _ahin
084 _qCRL
100 _aपुष्पिता कुमारी, ले.
_9868833
245 0 _aबीसवीं सदी के पूर्वार्द्ध की पत्रिकाओं म्ै। स्त्री: 1900 से 1945 के मध्य प्रकाशित प्रमुख हिन्दी पत्रिकाओं के साहित्येतर लेखन के विशेष संदर्भ में
260 _c2022
300 _a308पृ0
700 _aदिल्ली विश्वविद्यालय. कला संकाय. हिन्दी विभाग
942 _cTH
999 _c1850783
_d1850783